| 000 | 00600nam a2200169Ia 4500 | ||
|---|---|---|---|
| 003 | GCL | ||
| 008 | 140319s9999 xx 000 0 ara d | ||
| 040 |
_aGCL / _cGCL |
||
| 082 | 0 | 4 |
_a320.9 _bم م |
| 245 | 1 | 0 | _aملف موقف التيار الاسلامى المعتدل |
| 260 |
_aالقاهرة : _bمركز الاهرام للتنظيم وتكنولوجيا المعلومات ، _c2003 |
||
| 300 |
_a205 ص ؛ _c40 سم |
||
| 650 | 0 | 4 | _aازمة الخليج |
| 650 | 0 | 4 | _aالعالم العربى - الاحوال السياسية |
| 650 | 0 | 4 | _aالتيار الاسلامى |
| 942 |
_2ddc _cBK |
||
| 999 |
_c5712 _d5712 |
||